[Event "RUS-ch Seniors"]
[Site "Odintsovo"]
[Date "2011.04.23"]
[Round "5"]
[White "Kuznetsov, Nikolay P"]
[Black "Kondratiev, Vissarion L"]
[Result "1-0"]
[WhiteElo "2317"]
[BlackElo "2144"]
[PlyCount "76"]
[EventDate "2011.04.19"]
[EventType "swiss"]
[EventRounds "9"]
[EventCountry "RUS"]
[SourceTitle "CBM 142 Extra"]
[Source "ChessBase"]
[SourceDate "2011.06.27"]
[SourceVersion "1"]
[SourceVersionDate "2011.06.27"]
[SourceQuality "1"]

1. d4 d5 2. c4 c5 3. cxd5 Nf6 4. Nf3 cxd4 5. Qa4+ Qd7 6. Qxd4 Qxd5 7. Nc3 Qxd4 8. Nxd4 a6 9. f4 Nbd7 10. Nf3 e6 11. g3 Bc5 12. Bg2 0-0 13. e3 e5 14. Bd2 exf4 15. gxf4 Re8 16. Ke2 Nb6 17. Ne5 Ng4 18. Ne4 Bf8 19. Bc3 Nd5 20. Bd4 Nxe5 21. fxe5 Nb4 22. Rag1 Nc6 23. Nf6+ Kh8 24. Nxe8 Bg4+ 25. Kf2 Nxd4 26. exd4 Rxe8 27. Bxb7 Be6 28. b3 a5 29. Rc1 g5 30. Bc6 Rd8 31. d5 Bf5 32. Ke3 g4 33. Kd4 Kg7 34. Rhf1 Kg6 35. Rg1 f6 36. Rgf1 fxe5+ 37. Kxe5 Bh6 38. Rxf5 Bxc1 1-0

[Event "RUS-ch Seniors"]
[Site "Odintsovo"]
[Date "2011.04.20"]
[Round "2"]
[White "Degtiarev, Viktor"]
[Black "Kondratiev, Vissarion L"]
[Result "0-1"]
[WhiteElo "1913"]
[BlackElo "2144"]
[PlyCount "28"]
[EventDate "2011.04.19"]
[EventType "swiss"]
[EventRounds "9"]
[EventCountry "RUS"]
[SourceTitle "CBM 142 Extra"]
[Source "ChessBase"]
[SourceDate "2011.06.27"]
[SourceVersion "1"]
[SourceVersionDate "2011.06.27"]
[SourceQuality "1"]

1. e4 c5 2. Nf3 e6 3. d4 cxd4 4. Nxd4 Nf6 5. Nc3 Nc6 6. a3 Qc7 7. Bg5 Qe5 8. Bxf6 gxf6 9. Nxc6 bxc6 10. g3 Rb8 11. f4 Qc5 12. Qc1 Bg7 13. Nd1 f5 14. b4 Qd4 0-1

[Event "Moscow op-E"]
[Site "Moscow"]
[Date "2011.02.03"]
[Round "6.141"]
[White "Grigoriev, Sergey"]
[Black "Kondratiev, Vissarion L"]
[Result "1/2-1/2"]
[WhiteElo "2029"]
[BlackElo "2169"]
[PlyCount "109"]
[EventDate "2011.01.29"]
[EventType "swiss"]
[EventRounds "9"]
[EventCountry "RUS"]
[SourceTitle "EXT 2022"]
[Source "ChessBase"]
[SourceDate "2021.10.06"]
[SourceVersion "1"]
[SourceVersionDate "2021.10.06"]
[SourceQuality "1"]

1. e4 c5 2. Nf3 e6 3. d4 cxd4 4. Nxd4 Nf6 5. Nc3 Nc6 6. Nxc6 bxc6 7. e5 Nd5 8. Ne4 f5 9. Ng5 Qc7 10. Nf3 d6 11. exd6 Bxd6 12. Bc4 0-0 13. 0-0 Bd7 14. Re1 Rae8 15. a3 Bf4 16. Qd3 Rf6 17. b4 Rg6 18. Bb2 Bxh2+ 19. Nxh2 Rxg2+ 20. Kxg2 Nf4+ 21. Kg1 Nxd3 22. cxd3 h6 23. Be5 Qd8 24. Re3 Kh7 25. d4 Re7 26. Rae1 Be8 27. f4 a5 28. Kf2 axb4 29. axb4 Qb6 30. Rb3 Bh5 31. Nf3 Ra7 32. Bxe6 Ra2+ 33. Kg3 Bg4 34. Ree3 Qa6 35. Rb1 Rc2 36. b5 cxb5 37. Ne1 Re2 38. Rxe2 Bxe2 39. Bxf5+ g6 40. Be4 Qe6 41. d5 Qg4+ 42. Kf2 Bc4 43. Nf3 Qc8 44. Ra1 Qb7 45. Bd4 Bxd5 46. Ra7 Bxe4 47. Rxb7+ Bxb7 48. Nd2 Bc8 49. Ne4 g5 50. Nd6 Bd7 51. f5 Kg8 52. Be3 Kf8 53. Kf3 Ke7 54. Bc5 Kf6 55. Bb4 1/2-1/2

[Event "Moscow op-B"]
[Site "Moscow"]
[Date "2009.11.20"]
[Round "1"]
[White "Kondratiev, Vissarion L"]
[Black "Meshechko, Julia"]
[Result "1-0"]
[WhiteElo "2188"]
[BlackElo "1897"]
[PlyCount "49"]
[EventDate "2009.01.31"]
[EventType "swiss"]
[EventRounds "9"]
[EventCountry "RUS"]
[SourceTitle "EXT 2012"]
[Source "ChessBase"]
[SourceDate "2011.11.24"]
[SourceVersion "1"]
[SourceVersionDate "2011.11.24"]
[SourceQuality "1"]

1. e4 c5 2. c3 d5 3. exd5 Qxd5 4. d4 Nf6 5. Nf3 e6 6. Na3 Nc6 7. Nb5 Qd7 8. Ne5 Nxe5 9. dxe5 Nd5 10. c4 Nb6 11. Bg5 a6 12. Qxd7+ Kxd7 13. 0-0-0+ Kc6 14. Nd6 Bxd6 15. Rxd6+ Kc7 16. Be2 Bd7 17. Rhd1 Bc6 18. b3 Bxg2 19. f3 a5 20. a4 Bh3 21. Be3 Bf5 22. Bxc5 Ra6 23. Kb2 f6 24. Bf2 fxe5 25. c5 1-0

[Event "RUS-ch Seniors"]
[Site "Lesnoj Gorodok"]
[Date "2009.10.04"]
[Round "2"]
[White "Dmitriev, Igor"]
[Black "Kondratiev, Vissarion L"]
[Result "0-1"]
[WhiteElo "2348"]
[BlackElo "2187"]
[PlyCount "122"]
[EventDate "2009.10.03"]
[EventType "swiss"]
[EventRounds "9"]
[EventCountry "RUS"]
[SourceTitle "CBM 132 Extra"]
[Source "ChessBase"]
[SourceDate "2009.11.03"]
[SourceVersion "1"]
[SourceVersionDate "2009.11.03"]
[SourceQuality "1"]

1. g3 c5 2. Bg2 Nc6 3. e4 g6 4. c3 Bg7 5. d3 e6 6. Be3 d6 7. a3 Nge7 8. Ne2 0-0 9. 0-0 Rb8 10. Nd2 b6 11. b4 Ne5 12. Nf4 Ba6 13. c4 Qd7 14. Rb1 Bb7 15. Nb3 f5 16. f3 cxb4 17. axb4 d5 18. exd5 exd5 19. c5 d4 20. Nxd4 Ng4 21. Qb3+ Kh8 22. c6 Nxc6 23. Nxc6 Nxe3 24. Nxb8 Rxb8 25. Rf2 g5 26. Qe6 Qd4 27. Nh5 Qxd3 28. Re1 Bd4 29. Bf1 Qc3 30. Qd6 Rg8 31. Rc1 Nc4 32. Rxc3 Nxd6 33. Rd3 Bxf2+ 34. Kxf2 Rg6 35. h3 Re6 36. Ra3 Nc8 37. Bd3 Re5 38. Rc3 a5 39. bxa5 bxa5 40. Rc7 Re7 41. Rc5 Nd6 42. Rxa5 Rf7 43. Re5 Bc8 44. Rd5 Nb7 45. Ba6 h6 46. f4 Kh7 47. Be2 Kg6 48. Rb5 Re7 49. g4 Nd6 50. Rb6 Re6 51. Rb8 Ne4+ 52. Kg1 Rc6 53. Bd3 gxf4 54. Nxf4+ Kg5 55. Ne2 Kh4 56. Kg2 Ba6 57. Bxe4 fxe4 58. Nd4 Rc4 59. Nf5+ Kg5 60. Rb2 Rc3 61. Ng3 Bd3 0-1

[Event "Moscow op-B"]
[Site "Moscow"]
[Date "2009.02.08"]
[Round "9"]
[White "Kondratiev, Vissarion L"]
[Black "Kuzin, Sergey"]
[Result "1/2-1/2"]
[WhiteElo "2188"]
[BlackElo "2037"]
[PlyCount "53"]
[EventDate "2009.01.31"]
[EventType "swiss"]
[EventRounds "9"]
[EventCountry "RUS"]
[SourceTitle "EXT 2012"]
[Source "ChessBase"]
[SourceDate "2011.11.24"]
[SourceVersion "1"]
[SourceVersionDate "2011.11.24"]
[SourceQuality "1"]

1. e4 e5 2. Bc4 Nf6 3. Qf3 Nc6 4. Ne2 Bc5 5. d3 d6 6. Nbc3 Be6 7. Bg5 h6 8. Bxf6 Qxf6 9. Qxf6 gxf6 10. Nd5 Bxd5 11. Bxd5 Ne7 12. Bb3 h5 13. Rf1 f5 14. f4 fxe4 15. dxe4 Ng6 16. fxe5 Nxe5 17. Rf5 Ke7 18. Nf4 Rag8 19. Ke2 c6 20. Rf1 Rg4 21. Kd1 Rh7 22. Re1 a5 23. a3 b5 24. Re2 h4 25. h3 Rg3 26. Rh5 Rxh5 27. Nxh5 1/2-1/2

[Event "Moscow op-B"]
[Site "Moscow"]
[Date "2009.02.06"]
[Round "7"]
[White "Kondratiev, Vissarion L"]
[Black "Dragunov, Vladimir"]
[Result "1-0"]
[WhiteElo "2188"]
[BlackElo "1969"]
[PlyCount "45"]
[EventDate "2009.01.31"]
[EventType "swiss"]
[EventRounds "9"]
[EventCountry "RUS"]
[SourceTitle "EXT 2012"]
[Source "ChessBase"]
[SourceDate "2011.11.24"]
[SourceVersion "1"]
[SourceVersionDate "2011.11.24"]
[SourceQuality "1"]

1. e4 c5 2. c3 d6 3. d4 cxd4 4. cxd4 Nf6 5. Nc3 g6 6. f4 e6 7. Nf3 b6 8. Bd3 Bg7 9. 0-0 0-0 10. Qe1 Nfd7 11. f5 e5 12. fxg6 fxg6 13. Bc4+ Kh8 14. Ng5 exd4 15. Rxf8+ Qxf8 16. Nf7+ Kg8 17. Qh4 Nf6 18. Nd5 Kxf7 19. Nxf6+ Be6 20. Nxh7 Qh8 21. Ng5+ Ke7 22. Qxh8 Bxh8 23. Nxe6 1-0

[Event "Moscow op-B"]
[Site "Moscow"]
[Date "2009.02.04"]
[Round "5"]
[White "Kondratiev, Vissarion L"]
[Black "Zhdanov, Vladimir"]
[Result "0-1"]
[WhiteElo "2188"]
[BlackElo "2025"]
[PlyCount "94"]
[EventDate "2009.01.31"]
[EventType "swiss"]
[EventRounds "9"]
[EventCountry "RUS"]
[SourceTitle "EXT 2012"]
[Source "ChessBase"]
[SourceDate "2011.11.24"]
[SourceVersion "1"]
[SourceVersionDate "2011.11.24"]
[SourceQuality "1"]

1. e4 Nf6 2. e5 Ng8 3. d4 d6 4. Bc4 d5 5. Bd3 c5 6. dxc5 Nc6 7. Bf4 Qa5+ 8. Nd2 Qxc5 9. Ngf3 Bg4 10. h3 Bxf3 11. Qxf3 e6 12. 0-0 Nge7 13. c4 Nd4 14. Qe3 Nef5 15. Bxf5 Nxf5 16. Qxc5 Bxc5 17. cxd5 exd5 18. Rfd1 Nd4 19. Be3 Rd8 20. Nf3 Nxf3+ 21. gxf3 d4 22. Bg5 Rd5 23. f4 0-0 24. Bh4 Rc8 25. Rac1 Rc6 26. Rd3 Bb6 27. Rxc6 bxc6 28. Kg2 Kf8 29. Kf3 Ra5 30. a3 c5 31. Ke4 c4 32. Rd1 d3 33. f5 h6 34. f4 Rb5 35. Be1 Rxb2 36. Bb4+ Ke8 37. e6 f6 38. Kd5 Rc2 39. a4 Be3 40. Rb1 d2 41. Bxd2 Rxd2+ 42. Kxc4 Bb6 43. Kb5 Rd5+ 44. Kc6 Rxf5 45. Rb4 Ke7 46. Re4 g5 47. fxg5 hxg5 0-1

[Event "Moscow op-B"]
[Site "Moscow"]
[Date "2009.02.03"]
[Round "4"]
[White "Grishaev, Igor"]
[Black "Kondratiev, Vissarion L"]
[Result "0-1"]
[WhiteElo "2010"]
[BlackElo "2188"]
[PlyCount "57"]
[EventDate "2009.01.31"]
[EventType "swiss"]
[EventRounds "9"]
[EventCountry "RUS"]
[SourceTitle "EXT 2012"]
[Source "ChessBase"]
[SourceDate "2011.11.24"]
[SourceVersion "1"]
[SourceVersionDate "2011.11.24"]
[SourceQuality "1"]

1. e4 c5 2. Nf3 Nc6 3. d4 cxd4 4. Nxd4 Nf6 5. Nc3 e6 6. Be3 Bb4 7. Nxc6 bxc6 8. e5 Nd5 9. Bd2 Qa5 10. Ne4 Bxd2+ 11. Nxd2 Nf4 12. Qf3 Qxe5+ 13. Kd1 Qxb2 14. Rb1 Qd4 15. g3 Nd5 16. Rb3 0-0 17. c3 Qa4 18. Bd3 Nxc3+ 19. Ke1 Nd5 20. Ra3 Qd4 21. Kf1 a5 22. Kg2 Ba6 23. Ne4 f5 24. Nd2 Nb4 25. Bxa6 Rxa6 26. Qe2 Qb2 27. Rb3 Qd4 28. Rhb1 Qa7 29. Nf3 0-1

[Event "RUS-ch Seniors"]
[Site "Odintsovo"]
[Date "2008.10.08"]
[Round "6"]
[White "Kondratiev, Vissarion L"]
[Black "Martynov, Vladimir"]
[Result "1/2-1/2"]
[WhiteElo "2225"]
[BlackElo "2134"]
[PlyCount "74"]
[EventDate "2008.10.02"]
[EventType "swiss"]
[EventRounds "9"]
[EventCountry "RUS"]
[SourceTitle "CBM 127 Extra"]
[Source "ChessBase"]
[SourceDate "2009.01.08"]
[SourceVersion "2"]
[SourceVersionDate "2009.01.28"]
[SourceQuality "1"]

1. e4 e5 2. Bc4 Nc6 3. Nc3 d6 4. d3 Na5 5. Nge2 Nxc4 6. dxc4 Be6 7. Qd3 g6 8. 0-0 c6 9. f4 f6 10. Be3 Qc7 11. Rad1 Be7 12. fxe5 dxe5 13. Ng3 h5 14. h3 h4 15. Nh1 g5 16. Qe2 g4 17. hxg4 Qc8 18. Nf2 Nh6 19. Bxh6 Rxh6 20. Rd2 Rg6 21. Ncd1 Bxg4 22. Nxg4 Qxg4 23. Qxg4 Rxg4 24. Re1 Bc5+ 25. Kh2 Rd8 26. Rxd8+ Kxd8 27. Re2 Kd7 28. Kh3 Rf4 29. b3 Ke6 30. Nb2 Rf1 31. Kxh4 b5 32. cxb5 cxb5 33. c4 Bd4 34. cxb5 Bxb2 35. Rxb2 Rf4+ 36. Kg3 Rxe4 37. Kf3 Rb4 1/2-1/2

[Event "RUS-ch Seniors"]
[Site "Odintsovo"]
[Date "2008.10.07"]
[Round "5"]
[White "Kremenietsky, Anatoly M"]
[Black "Kondratiev, Vissarion L"]
[Result "1-0"]
[WhiteElo "2357"]
[BlackElo "2225"]
[PlyCount "119"]
[EventDate "2008.10.02"]
[EventType "swiss"]
[EventRounds "9"]
[EventCountry "RUS"]
[SourceTitle "CBM 127 Extra"]
[Source "ChessBase"]
[SourceDate "2009.01.08"]
[SourceVersion "2"]
[SourceVersionDate "2009.01.28"]
[SourceQuality "1"]

1. d4 d5 2. c4 c5 3. Nc3 e6 4. cxd5 exd5 5. Nf3 Nc6 6. g3 Nf6 7. Bg2 cxd4 8. Nxd4 Be7 9. 0-0 0-0 10. b3 Be6 11. Bb2 Qd7 12. Re1 Bh3 13. Bh1 Rad8 14. Rc1 Bc5 15. Na4 Bb4 16. Bc3 Ba3 17. Bb2 Bb4 18. Nc3 Bc5 19. Ncb5 Bb6 20. Nxc6 bxc6 21. Bxf6 gxf6 22. Nc3 Qf5 23. e3 d4 24. exd4 Bxd4 25. Qf3 c5 26. Qxf5 Bxf5 27. Nd5 Kg7 28. Ne7 Bh3 29. Bg2 Bxf2+ 30. Kxf2 Rd2+ 31. Re2 Rxe2+ 32. Kxe2 Bxg2 33. Nf5+ Kg8 34. Rxc5 Re8+ 35. Kd2 Bh3 36. Nd4 Re7 37. b4 Kg7 38. Ra5 Kg6 39. Ne2 Be6 40. Nf4+ Kg7 41. Nh5+ Kg6 42. Nf4+ Kg7 43. a4 Rb7 44. Kc3 Bd7 45. Ra6 Rc7+ 46. Kd4 Bc6 47. Nh5+ Kg6 48. Nxf6 Kxf6 49. Kc5 Kg5 50. Rxc6 Re7 51. Rd6 f5 52. Rd4 Re5+ 53. Kc4 Re2 54. h4+ Kf6 55. a5 h5 56. b5 Rc2+ 57. Kb4 Rc7 58. b6 Rg7 59. Rd3 a6 60. Kc5 1-0

[Event "Moscow op-B 04th"]
[Site "Moscow"]
[Date "2008.02.07"]
[Round "6"]
[White "Kondratiev, Vissarion L"]
[Black "Palchun, Grigory"]
[Result "1/2-1/2"]
[WhiteElo "2266"]
[BlackElo "2069"]
[PlyCount "53"]
[EventDate "2008.02.02"]
[EventType "swiss"]
[EventRounds "9"]
[EventCountry "RUS"]
[SourceTitle "CBM 122 Extra"]
[Source "ChessBase"]
[SourceDate "2008.03.04"]
[SourceVersion "1"]
[SourceVersionDate "2008.03.04"]
[SourceQuality "1"]

1. e4 c5 2. c3 d5 3. exd5 Qxd5 4. d4 Nf6 5. Nf3 e6 6. Bd3 Nc6 7. 0-0 Be7 8. dxc5 Bxc5 9. Bg5 Bd7 10. Qe2 h6 11. c4 Qd6 12. Bh4 Nb4 13. Rd1 Nxd3 14. Rxd3 Qf4 15. Nbd2 0-0-0 16. Nb3 Bb6 17. Bg3 Qe4 18. Qxe4 Nxe4 19. c5 Bc6 20. cxb6 Rxd3 21. bxa7 b6 22. Rc1 Kb7 23. Ne5 Rd6 24. Nxc6 Rc8 25. h4 Nxg3 26. fxg3 Ka8 27. Rc3 1/2-1/2

[Event "Moscow op-B 04th"]
[Site "Moscow"]
[Date "2008.02.02"]
[Round "1"]
[White "Kondratiev, Vissarion L"]
[Black "Khatoev, Eduard"]
[Result "0-1"]
[WhiteElo "2266"]
[BlackElo "2010"]
[PlyCount "84"]
[EventDate "2008.02.02"]
[EventType "swiss"]
[EventRounds "9"]
[EventCountry "RUS"]
[SourceTitle "CBM 122 Extra"]
[Source "ChessBase"]
[SourceDate "2008.03.04"]
[SourceVersion "1"]
[SourceVersionDate "2008.03.04"]
[SourceQuality "1"]

1. e4 c5 2. c3 g6 3. d4 cxd4 4. cxd4 d5 5. exd5 Nf6 6. Bb5+ Nbd7 7. Nc3 Bg7 8. d6 0-0 9. dxe7 Qxe7+ 10. Nge2 a6 11. Bd3 b5 12. a3 Bb7 13. 0-0 Nb6 14. Bg5 Qd7 15. Qd2 Rfe8 16. Rad1 Rac8 17. Qf4 Qc6 18. f3 Nfd5 19. Qd2 f5 20. Nxd5 Nxd5 21. Rc1 Qb6 22. Bb1 h6 23. Rxc8 Bxc8 24. Ba2 Bb7 25. Bh4 Kh7 26. Bf2 Bf6 27. h4 Qd8 28. h5 Bg5 29. hxg6+ Kxg6 30. Qd3 Qf6 31. Re1 Re3 32. Bxe3 Bxe3+ 33. Kf1 Qh4 34. Nf4+ Bxf4 35. Bxd5 Qh1+ 36. Kf2 Bg3+ 37. Kxg3 Qxe1+ 38. Kf4 Qc1+ 39. Kg3 Bxd5 40. Qe2 Qg5+ 41. Kf2 Qh4+ 42. Kf1 Bc4 0-1

[Event "Moscow Bronstein Memorial op"]
[Site "Moscow"]
[Date "2007.02.??"]
[Round "1"]
[White "Berko, Igor"]
[Black "Kondratiev, Vissarion L"]
[Result "0-1"]
[WhiteElo "2032"]
[BlackElo "2222"]
[PlyCount "86"]
[EventDate "2007.02.28"]
[EventType "swiss"]
[EventRounds "7"]
[EventCountry "RUS"]
[SourceTitle "EXT 2022"]
[Source "ChessBase"]
[SourceDate "2021.10.06"]
[SourceVersion "1"]
[SourceVersionDate "2021.10.06"]
[SourceQuality "1"]

1. d4 d5 2. Nf3 c5 3. c3 e6 4. Bf4 Qb6 5. Qc1 Nf6 6. Nbd2 cxd4 7. cxd4 Nc6 8. e3 Bd7 9. Rb1 Rc8 10. Qd1 Nb4 11. Rc1 Rxc1 12. Qxc1 Nxa2 13. Qb1 Nb4 14. Ne5 Ba4 15. b3 Bb5 16. Qc1 Nc6 17. Nd3 Be7 18. Be2 Qa6 19. Nc5 Bxc5 20. Bxb5 Qxb5 21. Qxc5 Qxc5 22. dxc5 e5 23. Bg3 Nd7 24. e4 d4 25. Nc4 Nxc5 26. 0-0 f6 27. f4 Nxe4 28. fxe5 Nxg3 29. Nd6+ Kd7 30. hxg3 Nxe5 31. Nxb7 Kc6 32. Na5+ Kb5 33. Nb7 Kc6 34. Na5+ Kb6 35. b4 Rd8 36. Rd1 d3 37. Kf2 Rd4 38. Rb1 Re4 39. Rb2 g5 40. Kf1 Re3 41. Nb3 Rxg3 42. Kf2 Rg4 43. Nd2 Nc4 0-1